书目信息 |
| 题名: |
焊工基本知识技术问答
|
|
| 作者: | 本书编写组 编 | |
| 分册: | ||
| 出版信息: | 呼和浩特 内蒙古人民出版社 1983.08 |
|
| 页数: | 208页 | |
| 开本: | 18cm | |
| 丛书名: | ||
| 单 册: | ||
| 中图分类: | TG44 | |
| 科图分类: | ||
| 主题词: | 焊接工艺 | |
| 电子资源: | ||
| ISBN: | ||
| 000 | 00550nam0 2200193 45 | |
| 001 | 0405211432 | |
| 005 | 20040521143541.4 | |
| 010 | @dCNY | |
| 100 | @a20040521d1983 km y0chiy0120 ea | |
| 101 | 0 | @achi |
| 105 | @a z 000yy | |
| 200 | 1 | @a焊工基本知识技术问答@AHan Gong Ji Ben Zhi Shi Ji Shu Wen Da@f本书编写组编@FBen Shu Bian Xie Zu Bian |
| 210 | @a呼和浩特@c内蒙古人民出版社@d1983.08 | |
| 215 | @a208页@d18cm | |
| 606 | 0 | @a焊接工艺 |
| 690 | @aTG44@v3 | |
| 701 | 0 | @a本书编写组@4编 |
| 801 | @aCN@bPftUser@c20040521 | |
| 905 | @f1@b107542@dTG44@e4 | |
| 焊工基本知识技术问答/本书编写组编.-呼和浩特:内蒙古人民出版社,1983.08 |
| 208页;18cm |
| ISBN :CNY |
| ● |
| 相关链接 |
|
|
|
|
正题名:焊工基本知识技术问答
索取号:TG44/4
 
预约/预借
| 序号 | 登录号 | 条形码 | 馆藏地/架位号 | 状态 | 备注 |
| 1 | 0107542 | 001362965 | 第三借阅区/ [索取号:TG44/4] | 在馆 | |
| 2 | 0107543 | 001363009 | 第二样本阅览室/ [索取号:TG44/4] | 在馆 |